000 00622nam a2200229Ia 4500
003 OSt
005 20250703095817.0
008 210423s2019 xx 000 0 und d
020 _a978-81-7482-423-3
040 _cAL
041 _aeng
082 _a570.02
_223
_bPUSU
100 _aKumar Pushkar
_994958
245 _aUpkar's CSIR UGC NET/JRF/SET Life sciences
260 _aAgra
_bUpkar prakashan
_c2019
300 _axvi,728
_bPB
365 _b680
_cINR
650 _aLife Sciences
_994959
700 _aSingh, A P
_9216965
906 _aCSIR ; Life ; NET/JRF/SET ; s ; sciences ; UGC ; Upkar
942 _2ddc
_cBK
999 _c170418
_d170418